[Event "Varese op 19th"]
[Site "Varese"]
[Date "2022.10.08"]
[Round "2"]
[White "Tramontano, Federico"]
[Black "Nipote, Mario"]
[Result "1-0"]
[WhiteElo "1637"]
[BlackElo "1500"]
[PlyCount "55"]
[EventDate "2022.10.07"]
[EventType "swiss"]
[EventRounds "5"]
[EventCountry "ITA"]
[SourceTitle "EXT 2024"]
[Source "ChessBase"]
[SourceDate "2023.10.10"]
[SourceVersion "1"]
[SourceVersionDate "2023.10.10"]
[SourceQuality "1"]

1. e4 e6 2. d4 d5 3. Nd2 dxe4 4. Nxe4 Nf6 5. Bd3 Nc6 6. Nf3 Be7 7. c3 0-0 8. 0-0 Nxe4 9. Bxe4 Bd7 10. Be3 Bf6 11. b3 Rb8 12. Rc1 a6 13. Bf4 Re8 14. Ne5 g6 15. Qf3 Qe7 16. Bxc6 Bxc6 17. Nxc6 bxc6 18. Qxc6 Rb6 19. Qxc7 Qxc7 20. Bxc7 Rc6 21. Bf4 Rec8 22. Bd2 R6c7 23. Rfd1 e5 24. d5 e4 25. c4 Be5 26. Be3 Bd6 27. Bb6 Re7 28. c5 1-0

[Event "Varese op 19th"]
[Site "Varese"]
[Date "2022.10.07"]
[Round "1"]
[White "Colombo, Alberto E"]
[Black "Tramontano, Federico"]
[Result "1-0"]
[WhiteElo "2094"]
[BlackElo "1637"]
[PlyCount "59"]
[EventDate "2022.10.07"]
[EventType "swiss"]
[EventRounds "5"]
[EventCountry "ITA"]
[SourceTitle "EXT 2024"]
[Source "ChessBase"]
[SourceDate "2023.10.10"]
[SourceVersion "1"]
[SourceVersionDate "2023.10.10"]
[SourceQuality "1"]

1. d4 Nf6 2. Nf3 g6 3. Nbd2 Bg7 4. e4 d6 5. Be2 Nc6 6. 0-0 0-0 7. Re1 e5 8. dxe5 dxe5 9. c3 Qe7 10. Qc2 Rd8 11. Nc4 Nh5 12. b3 Nf4 13. Ba3 Qe8 14. Rad1 Nxe2+ 15. Qxe2 Bg4 16. Ne3 Bxf3 17. Qxf3 Ne7 18. g3 c6 19. Nc4 Rxd1 20. Rxd1 Nc8 21. Bc1 b5 22. Na5 Ne7 23. Nb7 f6 24. Be3 Rb8 25. Nd6 Qf8 26. Bxa7 Ra8 27. Bc5 Rxa2 28. Nb7 Qe8 29. Rd8 Ra1+ 30. Kg2 1-0